| 000 | 00502nam a2200193Ia 4500 | ||
|---|---|---|---|
| 003 | GCL | ||
| 008 | 140319s9999 xx 000 0 eng d | ||
| 020 | _a0735710945 | ||
| 040 |
_aGCL / _cGCL |
||
| 082 | 0 | 4 |
_a005.3 _bL I |
| 100 | 1 | _aLEE, KIM | |
| 245 | 1 | 0 |
_aINSIDE 3DS MAX 4 / _cLEE, KIM |
| 260 |
_aانجلترا : _bNEW RIDERS PUBLISHING ، _c2000 |
||
| 300 |
_a24 CM ؛ _c895 P |
||
| 650 | 0 | 4 | _aCOMPUTER PROGRAM LANGUAGE |
| 650 | 0 | 4 | _aCOMPUTER GRAPHICS |
| 650 | 0 | 4 | _a3 DS MAX 4 |
| 942 |
_2ddc _cBK |
||
| 999 |
_c2720 _d2720 |
||